| 000 | 00701nam a22002177a 4500 | ||
|---|---|---|---|
| 999 |
_c13632 _d13632 |
||
| 003 | AR-CdUCM | ||
| 008 | 190416b ||||| |||| 00| 0 spa d | ||
| 040 |
_aMUNICIPALIDAD PROVINCIAL DEL CUSCO _cBIBLIOTECA MUNICIPAL DEL CUSCO |
||
| 082 |
_aES / 373.862 / _bP42 |
||
| 100 |
_aPeña, Emilio _932114 |
||
| 245 | _aLos pajaros se van con la muerte / | ||
| 260 |
_aMadrid : _bEdiciones cultura hispanica, _bCentro Iberoamericano de cooperación, _c1978. |
||
| 300 |
_a37 paginas ; _bilustraciones, _c22 cm. |
||
| 500 | _aEnsayo de obra | ||
| 650 |
_aEnsayo _9274 |
||
| 650 |
_aLiteratura _983 |
||
| 650 |
_aHistoria _9136 |
||
| 650 |
_aSiglo XX _98 |
||
| 942 |
_2ddc _cLIBROS |
||
| 945 |
_apjha _d2019-04-16 |
||